000 00744nam a2200253 a 4500
008
020 _a0906923352 (pbk.)
049 _aMAIN
090 _aQR181
_bROI
100 1 _aRoitt, Ivan M.
245 1 0 _aImmunology /
_cIvan M. Roitt, Jonathan Brostoff, David K. Male.
260 _a London :
_b Gower Medical Pub. ,
_cc1985.
300 _aviii, (various pagings) :
_bill. ;
_c30 cm.
500 _aInlcudes index.
504 _aIncludes bibliographical references.
650 0 _aImmunology.
700 1 _aBrostoff, Jonathan.
700 1 _aMale, David K.
907 _a.b10151242
_b19-03-12
_c09-02-05
003
005 20230120203942.0
040 _cNUST
942 _cBOOKS
_kQR181
_mROI
999 _c114490
_d114490